书目信息 |
| 题名: |
油桐丰产栽培实用技术
|
|
| 作者: | 姚小华 , 任华东 主编 | |
| 分册: | ||
| 出版信息: | 北京 中国林业出版社 2010 |
|
| 页数: | 86页 | |
| 开本: | 21cm | |
| 丛书名: | 科技服务林改实用技术丛书 | |
| 单 册: | ||
| 中图分类: | S794.3 , S794 | |
| 科图分类: | ||
| 主题词: | 三年桐--栽培技术 , 三年桐 | |
| 电子资源: | ||
| ISBN: | 978-7-5038-6003-4 | |
| 000 | 00997nam0 2200289 450 | |
| 001 | 2336541435 | |
| 005 | 20231210100931.11 | |
| 010 | @a978-7-5038-6003-4@dCNY 10.00 | |
| 100 | @a20110118d2010 em y0chiy0120 ea | |
| 101 | 0 | @achi |
| 102 | @aCN@b110000 | |
| 105 | @ay z 000yy | |
| 200 | 1 | @a油桐丰产栽培实用技术@f姚小华,任华东主编@Ayou tong feng chan zai pei shi yong ji shu |
| 210 | @a北京@c中国林业出版社@d2010 | |
| 215 | @a86页@d21cm | |
| 225 | 2 | @a科技服务林改实用技术丛书 |
| 300 | @a国家出版基金项目 | |
| 330 | @a本书分为七章,内容包括油桐的生产概况及其发展前景、油桐的生物学特性、中国油桐的生态与栽培区划、我国的油桐资源与良种选育、油桐林的营造、油桐林的管理、油桐主要病虫害及其防治。 | |
| 410 | 0 | @1001003921950 |
| 606 | 0 | @a三年桐@x栽培技术 |
| 606 | 0 | @a三年桐 |
| 690 | @aS794.3@v5 | |
| 690 | @aS794@v4 | |
| 701 | 0 | @a姚小华@f(1962~)@4主编@Ayao xiao hua |
| 701 | 0 | @a任华东@f(1963~)@4主编@Aren hua dong |
| 801 | 2 | @aCN@b辽宁北配@c20231205 |
| 905 | @aZUCC@dS794@e1 | |
| 油桐丰产栽培实用技术/姚小华,任华东主编.-北京:中国林业出版社,2010 |
| 86页;21cm.-(科技服务林改实用技术丛书) |
| 国家出版基金项目 |
| ISBN 978-7-5038-6003-4:CNY 10.00 |
| 本书分为七章,内容包括油桐的生产概况及其发展前景、油桐的生物学特性、中国油桐的生态与栽培区划、我国的油桐资源与良种选育、油桐林的营造、油桐林的管理、油桐主要病虫害及其防治。 |
| ● |
| 相关链接 |
|
|
|
正题名:油桐丰产栽培实用技术
索取号:S794/1
 
预约/预借
| 序号 | 登录号 | 条形码 | 馆藏地/架位号 | 状态 | 备注 |
| 1 | 2001522395 | 2001522395 | 412书库/ [索取号:S794/1] | 在馆 | |
| 2 | 2001522396 | 2001522396 | 412书库/ [索取号:S794/1] | 在馆 | |
| 3 | 2001522397 | 2001522397 | 412书库/ [索取号:S794/1] | 在馆 | |
| 4 | 2001522398 | 2001522398 | 412书库/ [索取号:S794/1] | 在馆 | |
| 5 | 2001522399 | 2001522399 | 412书库/ [索取号:S794/1] | 在馆 | |
| 6 | 2001522400 | 2001522400 | 412书库/ [索取号:S794/1] | 在馆 | |
| 7 | 2001522401 | 2001522401 | 412书库/ [索取号:S794/1] | 在馆 | |
| 8 | 2001522402 | 2001522402 | 412书库/ [索取号:S794/1] | 在馆 | |
| 9 | 2001522403 | 2001522403 | 412书库/ [索取号:S794/1] | 在馆 | |
| 10 | 2001522404 | 2001522404 | 412书库/ [索取号:S794/1] | 在馆 | |
| 11 | 2001522405 | 2001522405 | 412书库/ [索取号:S794/1] | 在馆 | |
| 12 | 2001522406 | 2001522406 | 412书库/ [索取号:S794/1] | 在馆 | |
| 13 | 2001522407 | 2001522407 | 412书库/ [索取号:S794/1] | 在馆 | |
| 14 | 2001522408 | 2001522408 | 412书库/ [索取号:S794/1] | 在馆 | |
| 15 | 2001522409 | 2001522409 | 412书库/ [索取号:S794/1] | 在馆 | |
| 16 | 2001522410 | 2001522410 | 412书库/ [索取号:S794/1] | 在馆 | |
| 17 | 2001522411 | 2001522411 | 412书库/ [索取号:S794/1] | 在馆 | |
| 18 | 2001522412 | 2001522412 | 412书库/ [索取号:S794/1] | 在馆 | |
| 19 | 2001522413 | 2001522413 | 412书库/ [索取号:S794/1] | 在馆 | |
| 20 | 2001522414 | 2001522414 | 412书库/ [索取号:S794/1] | 在馆 | |
| 21 | 2001522415 | 2001522415 | 412书库/ [索取号:S794/1] | 在馆 | |
| 22 | 2001522416 | 2001522416 | 412书库/ [索取号:S794/1] | 在馆 | |
| 23 | 2001522417 | 2001522417 | 412书库/ [索取号:S794/1] | 在馆 | |
| 24 | 2001522418 | 2001522418 | 412书库/ [索取号:S794/1] | 在馆 | |
| 25 | 2001522419 | 2001522419 | 412书库/ [索取号:S794/1] | 在馆 | |
| 26 | 2001522420 | 2001522420 | 412书库/ [索取号:S794/1] | 在馆 | |
| 27 | 2001522421 | 2001522421 | 412书库/ [索取号:S794/1] | 在馆 | |
| 28 | 2001522422 | 2001522422 | 412书库/ [索取号:S794/1] | 在馆 | |
| 29 | 2001522423 | 2001522423 | 412书库/ [索取号:S794/1] | 在馆 | |
| 30 | 2001522424 | 2001522424 | 412书库/ [索取号:S794/1] | 在馆 |